| 000 | 00553nam a2200181Ia 4500 | ||
|---|---|---|---|
| 003 | GCL | ||
| 008 | 140319s9999 xx 000 0 ara d | ||
| 040 |
_aGCL / _cGCL |
||
| 082 | 0 | 4 |
_a415.1 _bم ج |
| 100 | 1 | _aمحمد ابراهيم عبادة | |
| 245 | 1 | 0 |
_aالجملة العربية: دراسة لغوية نحوية / _cمحمد ابراهيم عبادة |
| 260 |
_a[S.N] : _bمنشاة المعارف الاسلامية |
||
| 300 | _a222 ص | ||
| 490 | _a | ||
| 650 | 0 | 4 | _aالنحو |
| 650 | 0 | 4 | _aاللغة العربية |
| 942 |
_2ddc _cBK |
||
| 999 |
_c32077 _d32077 |
||